01247nam a2200241Ia 4500001001100000003001000011008004100021040002500062041001300087100001900100245002200119250001100141260009200152300001100244500018900255501011400444520018900558650004100747942000700788957000600795999004200801952016200843L801-49174IT-CnALBA170116s9999||||xx |||||||||||||| ||und|| aIT-CnALBAcIT-CnALBA aITALIANO aOLIVETTI ERICA 0aLO SDOPPIAMENTO.  a1a ed. aPASIAN DI PRATO (UD)bCAMPANOTTO E. EDITc1997 [1° Ed.:1997 - Ed.Ling.Originale: 1997] a98 p.  aLA CANTANTE. IL SUICIDIO DELL'ANTENATO. L'OSPITE INATTESO. IL DUBBIO. LA MODELLA. L'ELEMOSINA. GIOVANNA, LA PAZZA. IL FRIGORIFERO. UN FRATE. L'INCONTRO UNIONE. INCANTESIMO. SOLUZIONE.  aSocietà San Paolo EM - Piazza San Paolo, 14 - 12051 ALBA (CN) (non commercial uses only) ® Copyright 2017 aLA CANTANTE. IL SUICIDIO DELL'ANTENATO. L'OSPITE INATTESO. IL DUBBIO. LA MODELLA. L'ELEMOSINA. GIOVANNA, LA PAZZA. IL FRIGORIFERO. UN FRATE. L'INCONTRO UNIONE. INCANTESIMO. SOLUZIONE.  aFILOSOFIA E TEORIA DELLA LETTERATURA cBK 71 a55688bNOg Copie: 1 c308081d308081 0010406L_8014917471aALBAbALBAd2017-01-16l0oL801-49174r2017-01-16 00:00:00w2017-01-16yBKz(data import: 16 gennaio 2017) - By Epidotti, Vaglietti.